Entry Nombre personal
001 - NÚMERO DE CONTROL
- campo de control: 130822
003 - IDENTIFICADOR DE NÚMERO DE CONTROL
- campo de control: SpMaBN
005 - FECHA Y HORA DE LA ÚLTIMA TRANSACCIÓN
- campo de control: 20250722071901.0
008 - ELEMENTOS DE DATO DE LONGITUD-FIJA
- campo de control de longitud fija: 960922nn ainnnaabn a aaa
016 ## - NÚMERO DE CONTROL DE UNA AGENCIA BIBLIOGRÁFICA NACIONAL
- Número de control del registro: BNE19998443403
024 7# - IDENTIFICADOR DE OTROS ESTÁNDARES
- Número estándar o código: http://www.wikidata.org/entity/Q55837205
- Fuente: wikidata
024 7# - IDENTIFICADOR DE OTROS ESTÁNDARES
- Número estándar o código: http://viaf.org/viaf/41354487/
- Fuente: viaf
040 ## - FUENTE DE CATALOGACIÓN
- Centro catalogador/agencia de origen: SpMaBN
- Lengua de catalogación: spa
- Centro/agencia transcriptor: SpMaBN
- Normas de descripción: rdc
- Convención/Normas de encabezamiento de materia/tesauro: embne
046 ## - FECHAS CON CODIFICACIÓN ESPECIAL
- Fecha de nacimiento: 1829
- Fecha de la muerte: 1881
100 1# - ENCABEZAMIENTO-NOMBRE DE PERSONA
- Nombre de persona: Parada y Barreto, Diego Ignacio,
- Fechas asociadas al nombre: 1829-1881
370 ## - LUGAR ASOCIADO
- Lugar de nacimiento: Jerez de la Frontera, Cádiz
- Fuente del término: embne, Andalucía, España
- Fuente del término: embne
- Fuente del término: embne
370 ## - LUGAR ASOCIADO
- Lugar de fallecimiento: Madrid, España
- Fuente del término: embne
372 ## - CAMPO DE ACTIVIDAD
- Campo de actividad: Biografías
- Fuente del término: tgfbne
372 ## - CAMPO DE ACTIVIDAD
- Campo de actividad: Medicina
- Campo de actividad: Historia local
- Fuente del término: embne
372 ## - CAMPO DE ACTIVIDAD
- Campo de actividad: Jerez de la Frontera
374 ## - OCUPACIÓN
- Ocupación: Medicos
- Ocupación: Escritores
- Fuente del término: embne
375 ## - GÉNERO/SEXO
- Género: Masculino
377 ## - IDIOMA ASOCIADO
- Código del idioma: spa
- Término de lengua/lenguaje: Español
400 1# - TRAZADO DE VÉASE--NOMBRE DE PERSONA
- Nombre de persona: Parada Barreto, Diego Ignacio,
- Fechas asociadas al nombre: 1829-1881
400 1# - TRAZADO DE VÉASE--NOMBRE DE PERSONA
- Nombre de persona: Parada, Diego Ignacio,
- Fechas asociadas al nombre: 1829-1881
670 ## - FUENTE DE DATOS ENCONTRADOS
- Cita de la fuente: Hombres ilustres de Jerez de la Frontera, 1875
- Información encontrada: port. (Diego Ignacio Parada y Barreto)
670 ## - FUENTE DE DATOS ENCONTRADOS
- Cita de la fuente: Gran enc. de Andalucía
- Información encontrada: (Parada y Barreto, Diego Ignacio; médico y escritor español; n. en Jerez de la Frontera en 1829 y m. en Madrid en 1881)
